000 00760nam a2200241Ia 4500
005 20260601193300.0
008 260601s9999||||xx |||||||||||||| ||und||
020 _a978-3-031-68908-6
_qebk
100 _aAnnie Uthra R.
245 0 _aDeep Sciences for Computing and Communications
250 _a2024
260 _aHeidelberg, Germany
_bSpringer Nature
_c2024
440 _aCommunications in Computer and Information Science
650 _aComputer Science
700 _aAli Kashif Bashir
700 _aGunasekaran Raja
700 _aKottilingam Kottursamy
700 _aRevathi Appavoo
700 _aUtku Kose
700 _aVimaladevi Madhivanan
856 _uhttps://link.springer.com/openurl?genre=book&isbn=978-3-031-68908-6
942 _cEB
_2ddc
999 _c56988
_d56988